00611 a2200193 45000010006000000050017000060200020000230220006000430840006000491000032000552450037000872500025001242640054001493000035002034900054002386530043002926530046003356530036003815706220250813155201.0 a$a9786289568943 a  aP1 a$a Tessaro $b Gek $d 1957$a10a$a Antes estaban los dinosaurios a$a Edicin̤ especial 1a$a Medelln̕ , Colombiab$b As edicionesc$c 2023 a$a Pg̀inas ilustradas a color0 a$a Plan Nacional de Lectura, Escritura y Oralidad 4a$a Poesa̕ Infantil italiana Siglo XXI 4a$a Literatura infantil italiana Siglo XXI 4a$a Dinosaurios en la literatura